| 000 | 00614nam a22002057a 4500 | ||
|---|---|---|---|
| 005 | 20230529070241.0 | ||
| 008 | 221203b |||||||| |||| 00| 0 eng d | ||
| 020 | _a978-981-4441-10-0 | ||
| 082 | _a658.04 Al427 2013 | ||
| 100 |
_aAllen, Kathleen _eauthor |
||
| 245 |
_aCreating new ventures / _cKathleen Allen |
||
| 260 |
_aSingapore: _bCengage Learning Asia, _cc2013. |
||
| 300 |
_axxiv, 577p.; _bill. |
||
| 504 | _aIncludes index | ||
| 541 | _e5446 | ||
| 650 | _aNew business enterprises - Management | ||
| 650 | _aSmall business - Planning | ||
| 650 | _aEntrepreneurship | ||
| 650 | _aBusiness planning | ||
| 999 |
_c307 _d307 |
||